000 00279nam a22001217a 4500
999 _c158250
_d158250
082 _a
_b
100 _aAllison W L
245 _aThe religious life of India the sadhs/
_cby Allison W L.
260 _aNew Delhi:
_bAnmol,
_c1985.
300 _a127p.
650 _a
942 _cBK